[Event "AUTO-OPEN-1110"]
[Site "http://www.queenalice.com/game.php?id=394698"]
[Date "2008.4.28"]
[Round "1"]
[White "QSL"]
[Black "BartSimpsonHeadChiefJusticeSCUSA"]
[Result "0-1"]
[WhiteElo "1438"]
[BlackElo "1710"]

1. e3 e5 2. Bc4 d5 3. Bb5+ Nc6 4. Bxc6+ bxc6 5. b3 Nf6 6. Ba3 Bg4 7. f3 Bh5 8.
g4 Bxa3 9. Nxa3 Bg6 10. f4 exf4 11. exf4 O-O 12. g5 Nh5 13. c4 Nxf4 14. cxd5
Qxd5 15. Nf3 Rae8+ 16. Kf1 Bd3+ 17. Kf2 Re2+ 18. Kg3 c5 19. Kxf4 Qe4+ 20. Kg3
Qf5 21. Nh4 Qxg5+ 22. Kf3 Qxh4 23. Qxe2 Bxe2+ 24. Kxe2 Re8+ 25. Kd3 Qe4+ 26. Kc3
Qd4+ 27. Kc2 Re2 28. Rhd1 Qb4 29. Re1 Qxd2+ 0-1

[Event "AUTO-OPEN-1110"]
[Site "http://www.queenalice.com/game.php?id=394699"]
[Date "2008.4.28"]
[Round "1"]
[White "BartSimpsonHeadChiefJusticeSCUSA"]
[Black "gomonkey"]
[Result "0-1"]
[WhiteElo "1684"]
[BlackElo "1668"]

1. e4 e5 2. Bc4 Nf6 3. Nf3 Nxe4 4. d3 Nc5 5. Nxe5 Qe7 6. Qe2 f6 7. Nf7 Qxe2+ 8.
Kxe2 Rg8 9. Nd6+ Bxd6 10. Re1 Rf8 11. Kf1+ Kd8 12. d4 Ne4 13. Rxe4 Bxh2 14. g3
c6 15. Ke1 d5 16. Bxd5 cxd5 17. Rh4 Re8+ 18. Kf1 Bg1 19. Kxg1 Re1+ 20. Kg2 Rxc1
21. c3 Bf5 22. a4 Bxb1 23. Ra3 Be4+ 24. f3 Rc2+ 25. Kh3 Bxf3 26. Rxh7 Rc1 27. g4
Rh1+ 28. Kg3 Rxh7 29. Kxf3 Nd7 30. b3 Rh3+ 31. Kf4 Rxc3 32. Ra1 Rxb3 33. Rh1 Ke7
34. Kf5 Kf7 35. g5 g6+ 0-1

[Event "AUTO-OPEN-1110"]
[Site "http://www.queenalice.com/game.php?id=394700"]
[Date "2008.4.28"]
[Round "1"]
[White "gomonkey"]
[Black "BartSimpsonHeadChiefJusticeSCUSA"]
[Result "0-1"]
[WhiteElo "1668"]
[BlackElo "1566"]

1. e3 e5 2. d4 Bd6 3. Nf3 Nf6 4. dxe5 Bxe5 5. Nxe5 Qe7 6. f4 Na6 7. c3 d6 8. Nc4
Bg4 9. Qb3 b6 10. Qa4+ Nd7 11. Qxa6 Nc5 12. Qb5+ Nd7 13. Qc6 O-O 14. Qxc7 Rac8
15. Qxa7 Rxc4 16. Bxc4 Qe4 17. Bf1 Qc2 18. Nd2 Nc5 19. Be2 Nd3+ 20. Kf1 Nxc1 21.
Bxg4 Qxd2 22. Qxb6 f5 23. Bf3 Re8 24. Qc6 Kf7 25. Bd5+ Kf8 26. Qxd6+ Re7 27.
Qb8+ Re8 28. Qb5 Qxe3 29. Qb4+ Re7 30. h3 Qe1# 0-1

[Event "Challenge"]
[Site "http://www.queenalice.com/game.php?id=412092"]
[Date "2008.6.2"]
[Round "-"]
[White "umdoistresredondoredondo"]
[Black "BartSimpsonHeadChiefJusticeSCUSA"]
[Result "0-1"]
[WhiteElo "1720"]
[BlackElo "1614"]

1. e4 e5 2. Nf3 Nc6 3. Bb5 a6 4. Bxc6 bxc6 5. d3 Nf6 6. Nxe5 d6 7. Nxc6 Qd7 8.
Nd4 c5 9. Nf3 d5 10. exd5 Nxd5 11. O-O Bd6 12. Re1+ Ne7 13. Bg5 Bb7 14. Bxe7
Bxe7 15. Nc3 O-O 16. Qe2 Rfe8 17. Ne5 Qf5 0-1

[Event "AUTO-OPEN-1151"]
[Site "http://www.queenalice.com/game.php?id=412306"]
[Date "2008.6.3"]
[Round "1"]
[White "BartSimpsonHeadChiefJusticeSCUSA"]
[Black "JeanTeixeira"]
[Result "1-0"]
[WhiteElo "1687"]
[BlackElo "1379"]

1. e4 e5 2. Nf3 Nc6 3. Bc4 Nf6 4. Ng5 h6 5. Nxf7 Qe7 6. Nxh8 Nxe4 7. Ng6 Qf6 8.
Nxf8 Kxf8 9. Qe2 Qf4 10. d3 Qxf2+ 11. Qxf2+ Nxf2 12. Kxf2 a6 13. Rf1 d6 14. Kg1+
Ke8 15. Rf7 Nd8 16. Rxg7 Kf8 17. Rg8+ Ke7 18. Bxh6 Bg4 19. Rg7+ Ke8 20. Nc3 b5
21. Nd5 Rc8 22. Re7# 1-0

[Event "AUTO-OPEN-1151"]
[Site "http://www.queenalice.com/game.php?id=412307"]
[Date "2008.6.3"]
[Round "1"]
[White "JeanTeixeira"]
[Black "BartSimpsonHeadChiefJusticeSCUSA"]
[Result "0-1"]
[WhiteElo "1364"]
[BlackElo "1642"]

1. e4 e5 2. Nc3 Nc6 3. Nf3 Bc5 4. d3 d6 5. a3 Nf6 6. b4 Bd4 7. Nb5 a6 8. Nbxd4
Nxd4 9. Be3 Nxf3+ 10. Qxf3 Bg4 11. Qg3 Qd7 12. h3 Bh5 13. Qxg7 O-O-O 14. Qxf6
Qc6 15. c4 Qa4 16. g4 Bg6 17. Bg5 Qc2 18. Rc1 Qa4 19. Ra1 h6 20. Be3 a5 21. b5
Qc2 22. g5 Qc3+ 23. Bd2 Qxa1+ 24. Ke2 Qxa3 25. h4 Bh5+ 26. f3 Qa1 27. Bg2 Qa2
28. Ke1 Qb1+ 29. Ke2 Qb2 30. Ke3 a4 31. Bc1 Qd4+ 32. Kd2 Qf2+ 33. Kd1 Qxg2 34.
Re1 Bxf3+ 35. Qxf3 Qxf3+ 36. Kd2 Qf2+ 37. Re2 Qxh4 38. gxh6 Rxh6 39. Kc2 Qg3 40.
Bxh6 a3 41. Kc3 Qg1 42. Rc2 Qb1 43. d4 a2 44. Rxa2 Qxa2 45. c5 dxc5 46. dxc5 Rd4
47. Be3 Qc4+ 48. Kb2 Qe2+ 49. Kb3 Qxe3+ 0-1

[Event "AUTO-OPEN-1151"]
[Site "http://www.queenalice.com/game.php?id=412308"]
[Date "2008.6.3"]
[Round "1"]
[White "BartSimpsonHeadChiefJusticeSCUSA"]
[Black "TheBigSid"]
[Result "0-1"]
[WhiteElo "1500"]
[BlackElo "2110"]

1. e4 e6 2. Nf3 d5 3. e5 c5 4. c4 Nc6 5. Nc3 Nge7 6. d4 cxd4 7. Nxd5 Nxd5 8.
cxd5 Qxd5 9. b3 Nxe5 10. Bc4 Nxf3+ 11. Qxf3 Bb4+ 12. Bd2 Qe5+ 13. Be2 Bxd2+ 14.
Kxd2 O-O 15. Rhe1 Qa5+ 16. Kd3 e5 17. Qg3 Bf5+ 18. Kc4 Rac8# 0-1

[Event "AUTO-OPEN-1151"]
[Site "http://www.queenalice.com/game.php?id=412309"]
[Date "2008.6.3"]
[Round "1"]
[White "TheBigSid"]
[Black "BartSimpsonHeadChiefJusticeSCUSA"]
[Result "1-0"]
[WhiteElo "2052"]
[BlackElo "1692"]

1. d4 d5 2. c4 dxc4 3. e3 Nf6 4. Bxc4 Bg4 5. Nf3 e6 6. Nc3 Bb4 7. O-O O-O 8. a3
Bxc3 9. bxc3 c6 10. Re1 Ne4 11. Bb2 b5 12. Bd3 Bxf3 13. Qxf3 Ng5 14. Qe2 Qc7 15.
h4 Nh3+ 16. gxh3 Nd7 17. Qf3 Rae8 18. Kh1 e5 19. Rg1 exd4 20. cxd4 Re6 21. d5
Rf6 22. Bxf6 Nxf6 23. Qxf6 Qe5 24. Rxg7+ Kh8 25. Rxh7+ Kg8 26. Rh8# 1-0

[Event "AUTO-OPEN-1151"]
[Site "http://www.queenalice.com/game.php?id=412310"]
[Date "2008.6.3"]
[Round "1"]
[White "BartSimpsonHeadChiefJusticeSCUSA"]
[Black "rrenato"]
[Result "0-1"]
[WhiteElo "1663"]
[BlackElo "1788"]

1. e4 e5 2. Nf3 Nc6 3. Bc4 h6 4. d4 d6 5. Nc3 Bg4 6. Be2 Bxf3 7. Bxf3 exd4 8.
Nd5 Nf6 9. c3 dxc3 10. bxc3 Nxd5 11. Qxd5 Ne5 12. Bf4 c6 13. Qd2 Nxf3+ 14. gxf3
Be7 15. Rg1 O-O 16. Bxh6 Bf6 17. Bg5 Be7 18. Bh6 f5 19. Qd4 Rf6 20. Rxg7+ Kf8
21. O-O-O Rxh6 22. exf5 Bf6 23. Qg4 Bxg7 24. Rg1 Qf6 25. Qb4 b5 26. Re1 Qg5+ 27.
f4 Qxf5 28. c4 Qxf4+ 29. Kc2 Qxf2+ 30. Kd1 Rd8 31. Qa5 Bf6 32. Re2 Qd4+ 33. Rd2
Qxc4 34. Qxa7 Qf4 35. Re2 Qa4+ 36. Qxa4 bxa4 0-1

[Event "AUTO-OPEN-1151"]
[Site "http://www.queenalice.com/game.php?id=412311"]
[Date "2008.6.3"]
[Round "1"]
[White "rrenato"]
[Black "BartSimpsonHeadChiefJusticeSCUSA"]
[Result "1-0"]
[WhiteElo "1774"]
[BlackElo "1723"]

1. e4 e5 2. Nf3 Nc6 3. Nc3 Bc5 4. d3 d6 5. Bg5 Nge7 6. Nd5 f6 7. Bh4 Be6 8. Be2
Bxd5 9. exd5 Nxd5 10. O-O Qd7 11. a3 Nd4 12. b4 Bb6 13. Qd2 O-O-O 14. Nxd4 Bxd4
15. Rab1 g5 16. Bg3 f5 17. Qxg5 Nc3 18. Rbe1 e4 19. Kh1 e3 20. fxe3 Bxe3 21.
Qxe3 Nd5 22. Qxa7 c6 23. d4 f4 24. Bh4 Rdg8 25. Bc4 Rg4 26. Qa8+ Kc7 27. Qxh8
Rxh4 28. Bxd5 cxd5 29. Rf3 Qa4 30. Re7+ Kc6 31. Qe8+ Kb6 32. Qxa4 Rh6 33. b5
Rxh2+ 34. Kxh2 1-0

[Event "AUTO-OPEN-1110"]
[Site "http://www.queenalice.com/game.php?id=482149"]
[Date "2008.10.24"]
[Round "2"]
[White "reginaldox"]
[Black "BartSimpsonHeadChiefJusticeSCUSA"]
[Result "0-1"]
[WhiteElo "1853"]
[BlackElo "1631"]

1. b4 b5 2. Bb2 e6 3. a3 Nf6 4. Nf3 a5 5. e3 axb4 6. Bxb5 bxa3 7. Bxa3 Bxa3 8.
Rxa3 Bb7 9. O-O O-O 10. d4 c6 11. Bd3 d6 12. c4 d5 13. Qb3 Qd6 14. Rxa8 Bxa8 15.
c5 Qc7 16. Nc3 Ng4 17. g3 Qb7 18. Qc2 f5 19. Rb1 Qf7 20. h3 Nh6 21. Ne5 Qh5 22.
Kg2 g5 23. Be2 Qe8 24. Qd1 g4 25. h4 Nd7 26. f4 Nxe5 27. dxe5 Qe7 28. Na4 Qa7
29. Nb6 Rb8 30. Ra1 Qb7 31. Ba6 Qe7 32. Bc8 Bb7 33. Bxb7 Qxb7 34. Ra4 Qe7 35.
Qa1 Qxc5 36. Nd7 Qc2+ 37. Kf1 Rb1+ 0-1

[Event "AUTO-OPEN-1110"]
[Site "http://www.queenalice.com/game.php?id=482150"]
[Date "2008.10.24"]
[Round "2"]
[White "BartSimpsonHeadChiefJusticeSCUSA"]
[Black "reginaldox"]
[Result "0-1"]
[WhiteElo "1648"]
[BlackElo "1745"]

1. e4 c5 2. d4 cxd4 3. Qxd4 Nc6 4. Qd1 e5 5. Nf3 Be7 6. Nc3 Nf6 7. Bd3 d6 8. b3
Bd7 9. O-O O-O 10. Nd5 a6 11. Bg5 Be6 12. c4 h6 13. Nxf6+ Bxf6 14. Bxf6 Qxf6 15.
Nh4 Qxh4 16. f4 exf4 17. Qe1 Qf6 18. g3 f3 19. Qe3 Bg4 20. Rac1 Ne5 21. c5 dxc5
22. Rxc5 Bh3 23. Rf2 Rad8 24. Bf1 Rd1 25. Qc3 Ng4 26. e5 Qg6 27. Qxf3 Nxf2 28.
Kxf2 Rxf1+ 29. Ke3 Rxf3+ 30. Kxf3 Qf5+ 31. Ke3 Rd8 0-1

[Event "AUTO-OPEN-1110"]
[Site "http://www.queenalice.com/game.php?id=482155"]
[Date "2008.10.24"]
[Round "2"]
[White "mett"]
[Black "BartSimpsonHeadChiefJusticeSCUSA"]
[Result "1-0"]
[WhiteElo "2104"]
[BlackElo "1648"]

1. e4 e5 2. Nf3 Nf6 3. Nxe5 Nxe4 4. Qe2 d5 5. d3 Bd6 6. Nf3 Bg4 7. dxe4 O-O 8.
exd5 Re8 9. Be3 c6 10. dxc6 Nxc6 11. c3 Bf4 12. Nbd2 Bxe3 13. fxe3 Ne5 14. O-O-O
Qd5 15. Kb1 a5 16. h3 Bf5+ 17. e4 Qe6 18. exf5 Qxf5+ 19. Qe4 Qxe4+ 20. Nxe4 f5
21. Nd6 Red8 22. Nxe5 Rf8 23. Bc4+ Kh8 24. Rd4 Rab8 25. Ng6+ hxg6 26. Rh4# 1-0

[Event "AUTO-OPEN-1110"]
[Site "http://www.queenalice.com/game.php?id=482156"]
[Date "2008.10.24"]
[Round "2"]
[White "BartSimpsonHeadChiefJusticeSCUSA"]
[Black "mett"]
[Result "0-1"]
[WhiteElo "1631"]
[BlackElo "2113"]

1. e4 c5 2. Qh5 d6 3. Bc4 e6 4. Nf3 g6 5. Qg5 Qc7 6. d4 h6 7. Bb5+ Bd7 8. Bxd7+
Nxd7 9. e5 hxg5 10. exd6 Bxd6 11. Bxg5 cxd4 12. Na3 Bxa3 13. bxa3 Qxc2 14. O-O
Rc8 15. Rac1 Qxc1 16. Bxc1 Ne7 17. Nxd4 a6 18. Bb2 e5 19. Nf3 f6 20. g4 Rc2 21.
Rb1 Nc5 22. a4 Nxa4 23. Nxe5 Nxb2 24. Nf3 Kf7 25. Nd4 Rd2 26. Nf3 Rd1+ 27. Rxd1
Nxd1 28. Kg2 Nc6 29. g5 f5 0-1

[Event "AUTO-INT-1300"]
[Site "http://www.queenalice.com/game.php?id=585181"]
[Date "2009.5.8"]
[Round "1"]
[White "BartSimpsonHeadChiefJusticeSCUSA"]
[Black "emanuelneto"]
[Result "0-1"]
[WhiteElo "1662"]
[BlackElo "1540"]

1. e4 e5 2. Nf3 Nc6 3. Bc4 Nf6 4. Ng5 d5 5. exd5 Nxd5 6. Qf3 Be6 7. Bxd5 Qxd5 8.
Qd1 f6 9. Nf3 e4 10. Nh4 g5 11. Qh5+ Bf7 12. Qg4 Ne5 13. Qe2 gxh4 14. O-O Rg8
15. c4 Nxc4 0-1

[Event "AUTO-INT-1300"]
[Site "http://www.queenalice.com/game.php?id=585182"]
[Date "2009.5.8"]
[Round "1"]
[White "emanuelneto"]
[Black "BartSimpsonHeadChiefJusticeSCUSA"]
[Result "1-0"]
[WhiteElo "1561"]
[BlackElo "1637"]

1. e4 e5 2. Nf3 Nc6 3. d4 exd4 4. Nxd4 Bc5 5. Nb3 d6 6. Bb5 Qf6 7. f3 Bd7 8.
Bxc6 Bxc6 9. Nc3 a5 10. g3 Ne7 11. h4 b5 12. Bg5 Qe5 13. f4 Qe6 14. Nd4 Bxe4 15.
O-O Qh3 16. Re1 1-0

[Event "AUTO-INT-1300"]
[Site "http://www.queenalice.com/game.php?id=585183"]
[Date "2009.5.8"]
[Round "1"]
[White "BartSimpsonHeadChiefJusticeSCUSA"]
[Black "Prosperidade"]
[Result "0-1"]
[WhiteElo "1584"]
[BlackElo "1592"]

1. e4 e5 2. Nf3 d6 3. Bc4 h6 4. d4 exd4 5. Qxd4 a6 6. Qd5 Qe7 7. Bf4 Nf6 8. Qd3
Qxe4+ 9. Be3 c5 10. Nc3 Qxd3 11. Bxd3 Be7 12. O-O O-O 13. Rae1 Nc6 14. a4 d5 15.
Bf4 Bd8 16. g4 Bxg4 17. Be2 d4 18. Nb1 Nd5 19. Bd6 Be7 20. Bc4 Bxd6 21. Bxd5
Rab8 22. Nh4 Nb4 23. c4 Nd3 0-1

[Event "AUTO-INT-1300"]
[Site "http://www.queenalice.com/game.php?id=585184"]
[Date "2009.5.8"]
[Round "1"]
[White "Prosperidade"]
[Black "BartSimpsonHeadChiefJusticeSCUSA"]
[Result "1-0"]
[WhiteElo "1575"]
[BlackElo "1601"]

1. Nf3 d5 2. d4 Nc6 3. e3 Bg4 4. Nbd2 e6 5. a3 Nf6 6. h3 Bxf3 7. Nxf3 Bd6 8. c4
dxc4 9. Bxc4 O-O 10. O-O Nh5 11. Be2 Bg3 12. fxg3 a6 13. Nh2 Nxg3 14. Rf3 Qg5
15. e4 Qh4 16. Bc4 b5 17. Bf1 f5 18. Rf4 Qg5 19. Rg4 fxg4 20. Bxg5 h6 21. d5
Nxe4 22. Bxh6 gxh6 23. Qxg4+ Ng5 24. dxc6 1-0

[Event "AUTO-INT-1300"]
[Site "http://www.queenalice.com/game.php?id=585185"]
[Date "2009.5.8"]
[Round "1"]
[White "BartSimpsonHeadChiefJusticeSCUSA"]
[Black "twin"]
[Result "0-1"]
[WhiteElo "1608"]
[BlackElo "1844"]

1. e4 e5 2. Nf3 Nc6 3. Bc4 Bc5 4. d3 h6 5. O-O Nf6 6. Be3 Bxe3 7. fxe3 O-O 8. d4
d6 9. d5 Na5 10. b3 Nxc4 11. bxc4 Nxe4 12. Nbd2 Nxd2 13. Qxd2 Bg4 14. h3 Bxf3
15. Rxf3 c6 16. dxc6 bxc6 17. g4 d5 0-1

[Event "AUTO-INT-1300"]
[Site "http://www.queenalice.com/game.php?id=585186"]
[Date "2009.5.8"]
[Round "1"]
[White "twin"]
[Black "BartSimpsonHeadChiefJusticeSCUSA"]
[Result "1-0"]
[WhiteElo "1837"]
[BlackElo "1616"]

1. e4 e5 2. Nf3 Nc6 3. Bc4 Bc5 4. c3 d6 5. d4 exd4 6. cxd4 Bb6 7. O-O Qf6 8. Be3
Bg4 9. Nbd2 O-O-O 10. h3 Be6 11. d5 Qg6 12. dxe6 fxe6 13. Bxb6 cxb6 14. Bb5 d5
15. Bxc6 bxc6 16. Ne5 Qe8 17. exd5 1-0

[Event "Challenge"]
[Site "http://www.queenalice.com/game.php?id=609195"]
[Date "2009.6.26"]
[Round "-"]
[White "BartSimpsonHeadChiefJusticeSCUSA"]
[Black "Dream_Attack"]
[Result "0-1"]
[WhiteElo "1568"]
[BlackElo "1489"]

1. e4 e5 2. Nf3 Nc6 3. Bc4 Nf6 4. Ng5 Qe7 5. Bxf7+ Kd8 6. O-O Nxe4 7. Nxe4 Qxf7
8. d3 h6 9. c3 d5 10. Ng3 Be6 11. f4 g6 12. fxe5 Nxe5 13. Rxf7 Bxf7 14. Qf1 Rh7
15. c4 dxc4 16. d4 Nd3 17. Bf4 Nxb2 18. Nc3 Nd3 19. Rb1 Nxf4 20. Qxf4 Kd7 0-1